21st Century Soft Skills Development Opportunities of Top Management in International Environment
Možnosti rozvoja kreativity a ďalších mäkkých zručností pri vzdelávaní vrcholového manažmentu v medzinárodnom prostredí. Definícia kreativity a dizajnového myslenia. Prezentácia výsledkov z prípadovej štúdie, kde sa manažéri zo 7 univerzít zúčastnili tréningu mäkkých zručností s využitím nástrojov d...
Uložené v:
| Hlavný autor: | |
|---|---|
| Ďalší autori: | |
| Médium: | Kapitola |
| Jazyk: | English |
| Predmet: | |
| Tagy: |
Žiadne tagy, Buďte prvý, kto otaguje tento záznam!
|
MARC
| LEADER | 00000naa$a2200000$$$4500 | ||
|---|---|---|---|
| 001 | 0282716 | ||
| 005 | 20240502083909.2 | ||
| 041 | 0 | |a eng | |
| 044 | |a ES | ||
| 245 | 1 | 0 | |a 21st Century Soft Skills Development Opportunities of Top Management in International Environment |c Veronika Orfánusová, Anna Veszprémi Sirotková |
| 520 | |a Možnosti rozvoja kreativity a ďalších mäkkých zručností pri vzdelávaní vrcholového manažmentu v medzinárodnom prostredí. Definícia kreativity a dizajnového myslenia. Prezentácia výsledkov z prípadovej štúdie, kde sa manažéri zo 7 univerzít zúčastnili tréningu mäkkých zručností s využitím nástrojov dizajnového myslenia. | ||
| 610 | 2 | 0 | |a zručnosti mäkké |
| 610 | 2 | 0 | |a kreativita |
| 610 | 2 | 0 | |a manažment |
| 610 | 2 | 0 | |a práca tímová |
| 610 | 2 | 0 | |a dizajnéri |
| 100 | 1 | |a Orfánusová, Veronika, 1984- | |
| 700 | 1 | |a Veszprémi Sirotková, Anna, 1966- | |